000 00616nam a2200241Ia 4500
003 OSt
005 20221007071302.0
006 a|||||r|||| 00| 0
007 ta
008 221006b |||||||| |||| 00| 0 eng d
024 _a25,115
037 _cTextual
040 _aFLL
_cFLL
_beng
041 _2eng
_aeng
082 _aZ3:94, E2
100 _aWills William
_9688455
245 0 _aCircumstantilal evidence
250 _a6th
260 _aLondon
_bButterworth & Co. UK
_c1912
300 _axxxii,513,28p
_ccm.
942 _hZ3:94, E2
_cTEXL
_2CC
999 _c1142954
_d1142954